Who's Narrating? Quiz Stats

 Plays Quiz Updated Aug 18, 2017

Support Sporcle.
Go Orange.
Score 0/20 Timer 04:00
2 Plays Today
Question Answer Wrong Answers
The Catcher in the Rye
J.D. Salinger
Holden Caulfield
79.2%
Allie Caulfield
3.4%
Phoebe Caulfield
2.5%
Third-Person
8.1%
Harry Potter and the Sorcerer's Stone
J.K. Rowling
Third-Person
78.8%
Harry Potter
13.8%
Voldemort
0.8%
Severus Snape
0.7%
Moby-Dick; or, The Whale
Herman Melville
Ishmael
68.9%
Captain Ahab
12.8%
Queequeg
2.2%
Third-Person
9.4%
To Kill a Mockingbird
Harper Lee
Scout Finch
66%
Atticus Finch
9.1%
Jem Finch
6.7%
Third-Person
11.8%
The Great Gatsby
F. Scott Fitzgerald
Nick Carraway
65%
Jay Gatsby
13.3%
Daisy Buchanan
3.3%
Third-Person
11.8%
Lolita
Vladimir Nabokov
Humbert Humbert
60.6%
Dolores Haze
5.7%
Clare Quilty
4.4%
Third-Person
21.7%
Fifty Shades of Grey
E.L. James
Ana Steele
60.5%
Christian Grey
8%
Kate Kavanagh
6%
Third-Person
18.8%
The Lovely Bones
Alice Sebold
Susie Salmon
60.2%
George Harvey
5.7%
Ray Singh
5.3%
Third-Person
21.1%
Lord of the Flies
William Golding
Third-Person
59.9%
Ralph
15.9%
Jack
11.6%
Simon
5.5%
A Clockwork Orange
Anthony Burgess
Alex
54.7%
F. Alexander
6.3%
Minister of the Interior
6.5%
Third-Person
25%
The Hound of the Baskervilles
Sir Arthur Conan Doyle
Dr. Watson
54%
Jack Stapleton
3.2%
Sherlock Holmes
13.9%
Third-Person
22.1%
Tuesdays with Morrie
Mitch Albom
Mitch Albom
53.2%
Morrie Schwartz
17.5%
Ted Koppel
6.3%
Third-Person
15.2%
Of Mice and Men
John Steinbeck
Third-Person
53.2%
George
21.3%
Lenny
14.3%
Curly
4.2%
The Hunger Games
Suzanne Collins
Katniss Everdeen
49.7%
Gale Hawthorne
1.8%
Peeta Mellark
2.1%
Third-Person
40%
The Outsiders
S.E. Hinton
Ponyboy
45.3%
Sodapop
9.9%
Darry
7.6%
Third-Person
29.6%
The Call of the Wild
Jack London
Third-Person
45.1%
Buck
35.2%
Spitz
6.7%
Fran├žois
5.4%
The Curious Incident of the Dog in the Night-Time
Mark Haddon
Christopher Boone
43.8%
Wellington
11.5%
Eileen Shears
7.8%
Third-Person
29.2%
The Bell Jar
Sylvia Plath
Esther Greenwood
41.5%
Buddy Willard
7.1%
Dr. Nolan
9.4%
Third-Person
34.2%
Fahrenheit 451
Ray Bradbury
Third-Person
39.6%
Guy Montag
33.6%
Captain Beatty
11.3%
Professor Faber
8.1%
One Flew Over the Cuckoo's Nest
Ken Kesey
Chief Bromden
22.4%
Randle McMurphy
29.9%
Nurse Ratched
6.2%
Third-Person
34.3%

From the Vault

Planes, Trains and Automobiles

by Hejman

It might be safer just to walk.
Remove Ads.
Support Sporcle.
Get the best of Sporcle when you Go Orange. This ad-free experience offers more features, more stats, and more fun while also helping to support Sporcle. Thank you for becoming a member.

Show Comments

Extras

Top Quizzes Today


Score Distribution

Your Account Isn't Verified!

In order to create a playlist on Sporcle, you need to verify the email address you used during registration. Go to your Sporcle Settings to finish the process.

Report this User

Report this user for behavior that violates our Community Guidelines.

Details: